| 000 | 01157nam a2200313 i 4500 | ||
|---|---|---|---|
| 001 | 000007975 | ||
| 003 | DO-SdBNP | ||
| 005 | 20250707115027.0 | ||
| 007 | ta | ||
| 008 | 090914s1995 dr g r 000 p spa d | ||
| 040 |
_aDO-SdBNP _bspa _cBNPHU _erda |
||
| 041 | _aspa | ||
| 082 | 4 |
_a861.04209 _bC965s _222 |
|
| 100 |
_aCuervo Gómez, Manuel Antonio, _d1928- _eautor _4aut. _923183 |
||
| 245 | 1 | 3 |
_aEl soneto en la métrica castellana / _cManuel Antonio Cuervo Gómez ; prólogo, María Gertrudis Antúnez Andrade. |
| 264 | 4 |
_aSanto Domingo, Republica Dominicana : _bAmigo del Hogar, _c©1995. |
|
| 300 |
_a91 páginas : _bilustraciones, música ; _c22 cm. |
||
| 336 |
_atexto _btxt _2rdacontent |
||
| 337 |
_asin mediación _bn _2rdamedia |
||
| 338 |
_avolumen _bnc _2rdacarrier |
||
| 500 | _a"Ad gloriam! Ad honores!" . | ||
| 504 | _aBibliografía: páginas 91 | ||
| 590 | _aInventariado, 2025/BT | ||
| 650 | 4 |
_aSonetos españoles _xHistoria y crítica _921814 |
|
| 650 | 4 |
_aEspañol _xVersificación _921815 |
|
| 700 | 1 |
_aAntúnez Andrade, María Gertrudis de, _eprologuista _4pr. _921816 |
|
| 910 | _aValidado. Control de calidad. MFF | ||
| 942 |
_2ddc _cLBS1 |
||
| 999 |
_c7753 _d7753 |
||